000
00318nam a2200121Ia 4500
008
190216s9999||||xx |||||||||||||| ||und||
100
_a
Janardhanan Pillay .cp
245
0
_a
Mathematics With Theory And Problems With I Pre-Degree
260
_b
Vidyarthimithram
300
_a
756
650
_a
Mathematics
942
_c
BK
999
_c
31197
_d
31197